Pays avec le plus de victoires militaires - Statistiques

Statistiques générales
  • Ce quiz a été pris 174 fois
    173 depuis la dernière actualisation
  • Le résultat moyen est 9 sur 10
Statistiques - réponses
Classement Nombre de victoires Nom du pays % Correct
1 1115 France
100%
5 425 Allemagne
98%
2 1105 Royaume-Uni
97%
6 387 Espagne
96%
3 833 Etats-Unis
96%
4 491 Russie
94%
9 244 Chine
92%
8 259 Italie / Rome
90%
10 210 Turquie / Empire Ottoman
68%
7 344 Pologne
53%
Aucun quiz correspondant
Distribution des résultats
% des personnes avec chaque résultat
Percentile par nombre de réponses
Votre historique - résultats
Vous n’avez pas pris ce quiz depuis la dernière actualisation